[Event "Legislatura Portena Open 2019"]
[Site "Buenos Aires"]
[Date "2019.03.20"]
[Round "1.1"]
[White "Obregon, Andres Carlos"]
[Black "Picollo, Pablo"]
[Result "1-0"]
[WhiteElo "2514"]
[BlackElo "1860"]
[Annotator "TA"]
[PlyCount "73"]
[EventDate "2019.03.20"]
[EventType "swiss"]
[EventCountry "ARG"]
[SourceTitle "playchess.com"]
[Source "ChessBase"]
[SourceQuality "1"]

{[%evp 22,73,95,66,54,54,100,93,111,108,123,112,141,91,91,90,135,122,121,129,126,125,154,126,146,144,148,150,183,183,206,197,202,206,217,238,366,339,365,347,371,309,488,482,587,587,564,539,763,760,1217,1187,981,985]} 1. d4 Nf6 2. c4 e6 3. Nc3 d5 4. cxd5 Nxd5 5. Nf3 Be7 6. e3 O-O 7. Bd3 c5 8. O-O cxd4 9. exd4 Nc6 10. Re1 b6 11. Nxd5 exd5 12. Bxh7+ {[%mdl 64] [#] Decoy} Kxh7 {B22: Sicilian: 2 c3} 13. Qc2+ {[%mdl 64] Double Attack} g6 {...Bd7 is the strong threat.} (13... Kg8 14. Qxc6 Bf5 15. Bf4 Rc8 16. Qb7 Bb4 17. Re3 Rc2 18. a3 Bd6 19. Qxd5 Bxf4 20. Qxf5 {1-0 (53) Erwich,F (2346)-Van Meegen,R (2239) Netherlands 2018}) 14. Qxc6 Be6 {White is better.} 15. Bf4 Bf6 16. Be5 $146 ({Predecessor:} 16. Rac1 Rc8 17. Qb5 Qd7 18. Qb3 Rxc1 19. Rxc1 Rc8 20. Re1 {1-0 (42) Iounoussov,M (2022)-Horn,C (1944) Ruhrgebiet 2004}) 16... Kg7 17. Rac1 Rc8 18. Qb7 Qd7 19. Bxf6+ Kxf6 20. Qxd7 Bxd7 21. Ne5 Bf5 22. f3 Rfe8 23. g4 Be6 24. Kg2 Kg7 25. b3 a5 26. Kg3 f6 27. Nd3 Rxc1 28. Rxc1 ({Much less strong is} 28. Nxc1 $6 Bf7 $16) 28... Rc8 (28... Bf7 {was called for.} 29. g5 fxg5) 29. Rxc8 $18 Bxc8 {[%mdl 4096] Endgame KB-KN} 30. Nf4 Bb7 31. Ne6+ Kh6 (31... Kg8 {keeps fighting.} 32. f4 Kh7) 32. h4 {White is clearly winning.} g5 33. f4 gxh4+ 34. Kxh4 b5 35. a3 b4 36. axb4 axb4 37. Nc5 {Accuracy: White = 91%, Black = 16%.} 1-0

[Event "Legislatura Portena Open 2019"]
[Site "Buenos Aires"]
[Date "2019.03.20"]
[Round "1.2"]
[White "Yantorno, Jorge"]
[Black "Hungaski, Robert"]
[Result "0-1"]
[WhiteElo "1857"]
[BlackElo "2505"]
[Annotator "TA"]
[PlyCount "26"]
[EventDate "2019.03.20"]
[EventType "swiss"]
[EventCountry "ARG"]
[SourceTitle "playchess.com"]
[Source "ChessBase"]
[SourceQuality "1"]

{[%evp 14,26,23,12,27,-41,-47,-125,-116,-197,-201,-210,-192,-265,-256]} 1. e4 e5 2. Nf3 Nc6 3. d4 exd4 4. Nxd4 Bc5 5. Be3 Qf6 6. c3 Nge7 7. Nc2 Bb6 8. Nba3 O-O {C45: Scotch Game} 9. Nc4 (9. Bxb6 $11 axb6 10. Bc4) (9. Nb5 Qe5 10. Bxb6 axb6 11. Qe2 Na7 12. Nbd4 c5 13. Nf3 Qe6 14. g3 Nac6 15. Ng5 Qg6 16. f4 {½-½ (56) Skoberne,J (2501)-Szabo,K (2520) Budapest 2008}) 9... Qg6 $146 ({Predecessor:} 9... Bxe3 10. N4xe3 Rd8 11. Bc4 d6 12. O-O Qg6 13. Bd3 Ne5 14. f4 Nxd3 15. Qxd3 b6 {½-½ (27) Skolarczyk,M (1586)-Skotny,A Gora Sw Anny 2011}) 10. Nd2 (10. Nxb6 $15 axb6 11. f3) 10... d5 $17 11. Qe2 (11. Qf3 $17 {was called for.}) 11... dxe4 $19 12. Bxb6 axb6 13. Nxe4 (13. h4 $142) 13... Re8 0-1

[Event "Legislatura Portena Open 2019"]
[Site "Buenos Aires"]
[Date "2019.03.20"]
[Round "1.3"]
[White "Tristan, Leonardo"]
[Black "Gimenez, Dante"]
[Result "1-0"]
[WhiteElo "2504"]
[BlackElo "1856"]
[Annotator "TA"]
[PlyCount "76"]
[EventDate "2019.03.20"]
[EventType "swiss"]
[EventCountry "ARG"]
[SourceTitle "playchess.com"]
[Source "ChessBase"]
[SourceQuality "1"]

{[%evp 11,76,34,46,-2,-19,-2,40,-11,-3,-29,22,13,61,62,86,27,45,48,52,43,62,56,54,59,88,69,70,45,73,45,43,18,161,157,201,204,201,139,224,204,241,237,222,225,229,223,225,201,285,291,233,216,231,204,466,470,519,530,735,703,702,766,734,712,2108,1940,1581]} 1. d4 Nf6 {[%cal Bg8f6,Bf6e4,Be4d6,Bd6f5][%mdl 32]} 2. Bg5 Ne4 3. Bf4 d5 4. f3 Nd6 5. Nc3 e6 6. e4 {[%cal Be2e4,Be4e5][%mdl 32] A45: Trompowsky Attack} c6 {LiveBook: 17 Games} 7. e5 (7. Bd3 b5 8. Nh3 Be7 9. O-O O-O 10. Bxd6 Qxd6 11. e5 Qc7 12. Ne2 c5 13. c3 b4 {½-½ (58) Andreikin,D (2712)-Mamedyarov,S (2799) Huaian 2017}) 7... Nf5 8. Qd2 {The position is equal.} Bb4 $146 ({Predecessor:} 8... c5 9. dxc5 Bxc5 10. O-O-O Bd7 11. Bd3 Ne7 12. Nge2 Qb6 13. Kb1 a5 14. a4 Na6 15. Bb5 Bc6 16. Nd4 {½-½ (16) Eybl,A (2260)-Fuchs,G (2242) Austria 2006}) 9. a3 (9. g4 $14 Nh4 10. O-O-O) 9... Be7 $11 10. Nge2 b5 (10... O-O $142) 11. Ng3 g6 12. Nxf5 gxf5 13. h4 ({Better is} 13. Bd3 $16) 13... Rg8 14. Ne2 {[%cal Bc3e2,Be2f4,Bf4h5,Bh5f6][%mdl 32]} Nd7 15. Bg5 Bb7 16. Bxe7 Qxe7 17. Nf4 a5 18. Bd3 Kd8 19. Qe2 Kc7 20. g4 fxg4 21. fxg4 Nf8 (21... h6 $11 {and Black is okay.}) 22. Nh5 $18 Kb6 23. Nf6 Rh8 24. Qe3 Nd7 (24... c5 $16 25. Qg5 Qc7) 25. Rf1 (25. Nxh7 $6 c5 $16) 25... b4 26. axb4 axb4 27. Rxa8 Rxa8 28. Qg5 ({Don't take} 28. Bxh7 $6 Ra1+ 29. Ke2 Ba6+ 30. Bd3 Rxf1) 28... Nxf6 29. Qxf6 Qxf6 (29... Ra1+ $142 30. Ke2 Qxf6 31. Rxf6 b3) 30. Rxf6 {[%mdl 4096] Endgame KRB-KRB} Ra1+ 31. Kd2 Rg1 {[#]} 32. g5 $1 ({Not} 32. Rxf7 Rxg4 33. Rxh7 Rxd4 $14) 32... Rg4 $2 (32... Ba6 33. Bxh7 Rg4) 33. Rxf7 {White is clearly winning.} Rxd4 34. Rxh7 c5 35. Ke3 Rg4 36. Kf3 Rg1 37. Kf2 Rh1 38. g6 c4 {Precision: White = 65%, Black = 33%.} 1-0

[Event "Legislatura Portena Open 2019"]
[Site "Buenos Aires"]
[Date "2019.03.20"]
[Round "1.4"]
[White "Gras, Carlos"]
[Black "Alonso, Salvador"]
[Result "0-1"]
[WhiteElo "1856"]
[BlackElo "2497"]
[Annotator "TA"]
[PlyCount "61"]
[EventDate "2019.03.20"]
[EventType "swiss"]
[EventCountry "ARG"]
[SourceTitle "playchess.com"]
[Source "ChessBase"]
[SourceQuality "1"]

{[%evp 13,61,-12,20,20,10,17,12,12,8,13,11,0,38,25,27,27,27,22,41,33,36,35,81,9,10,18,6,14,46,11,12,0,12,0,0,-17,0,0,0,0,0,0,0,0,0,-83,0,-953,-945,-881]} 1. Nf3 Nf6 2. g3 g6 3. Bg2 Bg7 4. O-O O-O 5. d4 d5 6. c4 dxc4 7. Ne5 Nfd7 (7... c5 {looks sharper.} 8. d5 Nbd7 9. Nxc4 b5 10. Ne3 Bb7) 8. Nxc4 {D77: Fianchetto Grünfeld: 6 0-0: Replies other than 6...c6} Nb6 9. Nxb6 axb6 10. d5 {The position is equal.} Nd7 {[%cal Bb8d7,Bd7c5,Bc5a4][%mdl 32]} 11. Nc3 Nc5 12. Bf4 $146 ({Predecessor:} 12. Bg5 h6 13. Be3 Kh7 14. Rc1 Bd7 15. Bd4 e5 16. dxe6 Bxe6 17. Bxg7 Kxg7 {½-½ (29) Negulescu,A (2395)-Ftacnik,L (2540) Warsaw 1987}) 12... e5 13. Bd2 Bd7 14. b4 Na4 15. Qb3 Qe7 16. Ne4 {aiming for Bg5.} h6 17. Rac1 c6 {[#]} 18. Nc3 (18. b5 $1 $16) 18... Nxc3 $11 19. Bxc3 cxd5 20. Bxd5 Rfd8 21. e4 Ba4 22. Qb2 Bc6 23. Bxc6 bxc6 24. Rcd1 Rxd1 25. Rxd1 Qe6 26. a3 b5 27. Kg2 h5 28. h4 Qc4 29. Kf3 (29. f3 $11 {remains equal.}) 29... f5 ({Black should play} 29... Kh7 $17) 30. exf5 $2 {[%mdl 8192]} (30. Kg2 $11) 30... Qg4+ $19 {[%mdl 64] [#] Double Attack} 31. Kg2 {Accuracy: White = 40%, Black = 63%.} 0-1

[Event "Legislatura Portena Open 2019"]
[Site "Buenos Aires"]
[Date "2019.03.20"]
[Round "1.5"]
[White "Ricardi, Pablo"]
[Black "Rodriguez Vargas, Sergio"]
[Result "1-0"]
[WhiteElo "2485"]
[BlackElo "1853"]
[Annotator "TA"]
[PlyCount "105"]
[EventDate "2019.03.20"]
[EventType "swiss"]
[EventCountry "ARG"]
[SourceTitle "playchess.com"]
[Source "ChessBase"]
[SourceQuality "1"]

{[%evp 11,105,22,44,44,58,55,33,43,42,42,104,106,111,113,105,110,109,114,191,189,191,169,155,135,151,122,138,123,130,130,134,126,122,121,159,130,137,137,129,118,134,123,141,121,142,103,175,142,142,143,168,168,184,182,184,170,358,358,359,359,354,358,354,349,336,315,331,318,318,312,5581,5189,29953,29955,29954,29957,29954,29959,29956,29959,29957,29949,29961,29947,29965,29964,29965,29966,29960,12833,6291,7539,29966,29972,29947,29951]} 1. e4 g6 2. d4 Bg7 3. Nf3 d6 4. h3 Nf6 5. Nc3 O-O 6. Be2 e5 7. dxe5 {B08: Pirc Defence: Classical System} (7. O-O Nc6 8. Be3 exd4 9. Nxd4 Bd7 10. f4 Re8 11. Bf3 a6 12. Qd2 Rb8 13. Rae1 Na5 14. Bf2 b5 15. b3 c5 16. Nde2 b4 17. Nd5 Nxd5 18. exd5 {½-½ (33) Sebag,M (2476)-Sadhwani,R (2451) chess.com INT 2019}) 7... dxe5 8. Qxd8 Rxd8 9. Bg5 {White is slightly better.} Re8 10. O-O-O a6 $146 {[#]} (10... Nc6 $14) ({Predecessor:} 10... c6 11. Nd2 b5 12. a4 b4 13. Na2 a5 14. Rhe1 Nfd7 {1-0 (43) Thorhallsson,S (2092)-Fjallheim,L (1919) Uppsala 2018}) 11. Nxe5 $1 $16 Nxe4 12. Nxe4 Bxe5 13. Rhe1 Kg7 14. Bc4 Nd7 (14... Nc6 $16) 15. f4 $18 h6 16. fxe5 hxg5 17. Nxg5 {Strongly threatening e6.} Rxe5 18. Nxf7 Rxe1 19. Rxe1 Nb6 20. Bb3 Bd7 21. Ne5 Re8 22. Kd2 Ba4 23. Nd3 Rxe1 24. Kxe1 $16 {[%mdl 4096] Endgame KBN-KBN} Bc6 25. Kf2 Kf6 26. g4 a5 27. a3 Nd7 28. Kg3 Be4 (28... g5 $16) 29. Nf2 Bc6 30. h4 Nc5 31. Bc4 b5 32. Be2 b4 33. g5+ Kf5 $2 (33... Ke5 {might work better.} 34. axb4 axb4) 34. axb4 $18 axb4 35. Bd3+ Nxd3 36. Nxd3 {KB-KN} b3 37. cxb3 Ke4 38. Nf4 Be8 39. b4 c6 40. Ne6 Kd3 $2 (40... Ke5) 41. Nc7 Bf7 42. b5 cxb5 43. Nxb5 Bb3 44. Kf4 Kc4 45. Nc3 Kd4 46. Ne4 Bc2 47. Nd2 Bd3 48. Nf3+ Kd5 49. Ne5 Bc2 50. b4 {[%cal Bb2b4,Bb4b5][%mdl 32]} Bb1 51. b5 Kc5 {[#]} 52. Nxg6 $1 {[%mdl 512]} Bxg6 53. Ke5 {Accuracy: White = 91%, Black = 44%.} 1-0

[Event "Legislatura Portena Open 2019"]
[Site "Buenos Aires"]
[Date "2019.03.20"]
[Round "1.6"]
[White "Palladino, Alberto"]
[Black "Villanueva, Mario"]
[Result "0-1"]
[WhiteElo "1849"]
[BlackElo "2482"]
[Annotator "TA"]
[PlyCount "100"]
[EventDate "2019.03.20"]
[EventType "swiss"]
[EventCountry "ARG"]
[SourceTitle "playchess.com"]
[Source "ChessBase"]
[SourceQuality "1"]

{[%evp 20,100,0,0,-6,-12,35,-65,-30,-53,-58,-249,-245,-265,-277,-262,-222,-251,-191,-204,-154,-161,-161,-152,-151,-153,-149,-170,-155,-208,-199,-203,-215,-281,-269,-341,-314,-337,-329,-345,-331,-414,-401,-410,-406,-433,-430,-549,-544,-536,-535,-518,-517,-496,-475,-741,-735,-684,-535,-699,-630,-625,-618,-693,-678,-691,-693,-701,-695,-682,-682,-807,-810,-1529,-1522,-1580,-1229,-1835,-1916,-29983,-29984,-29984,-29984]} 1. e4 e6 2. d4 d5 3. e5 c5 4. c3 Qb6 5. Nf3 Nc6 6. a3 Bd7 7. b4 cxd4 8. cxd4 Rc8 9. Be2 Nge7 10. O-O Nf5 11. Bb2 h5 {C02: French: Advance Variation} (11... Be7 12. Kh1 h5 13. Nc3 Na5 14. Na4 Qc6 15. Nc5 Nc4 16. Bc1 b6 17. Nxd7 Kxd7 18. Bd3 Kc7 19. g3 Kb7 {0-1 (57) Areshchenko,A (2684)-Vidit,S (2602) Abu Dhabi 2014}) 12. Qd2 Be7 13. Rd1 {[#]} (13. Bc3 $14) 13... g5 $1 $15 {[%mdl 512] Black is slightly better.} 14. Nc3 (14. Nxg5 Ncxd4) 14... g4 15. Na4 $146 (15. Bd3 $1 $15) ({Predecessor:} 15. Ne1 Qd8 16. Nc2 Bg5 17. Qe1 Nce7 18. Bd3 Nh4 19. Ne3 Neg6 20. Nb5 Bxb5 21. Bxb5+ {0-1 (40) Grosar,A (2442)-Tukmakov,V (2572) Bled 2001}) 15... Qd8 $19 16. Ne1 Bg5 17. Qd3 Nxe5 18. Qb3 Nc4 19. Nc5 Nxb2 20. Qxb2 b6 21. Nxd7 Qxd7 22. a4 Kf8 23. Nd3 Qc7 24. a5 (24. Ne5 $17) 24... Qc2 25. axb6 {[#] Strongly threatening b7.} axb6 {aiming for ...Qxb2.} 26. Ra8 {Hoping for Qxc2.} Kg7 {White must now prevent ...Qxb2.} 27. Rxc8 Rxc8 ({Less strong is} 27... Qxc8 28. b5 $17) 28. Qxc2 Rxc2 29. Bf1 Nxd4 30. Ne5 Ne2+ 31. Bxe2 Rxe2 {[%mdl 4096] Endgame KRB-KRN} 32. Nc6 Rc2 33. Nb8 Be7 34. Na6 Rb2 35. h3 gxh3 36. gxh3 Bxb4 37. Rd3 (37. Nxb4 $142 Rxb4 38. Rd3) 37... Bd6 38. Rc3 Ra2 39. Nc7 Bc5 40. Rf3 Kg6 41. Ne8 f5 42. Nc7 Kf6 43. h4 Ra7 44. Nb5 Ra4 45. Rh3 Ra2 46. Rf3 e5 47. Nc3 Rd2 48. Kf1 e4 49. Ke1 exf3 50. Kxd2 Bb4 {Accuracy: White = 28%, Black = 82%.} 0-1

[Event "Legislatura Portena Open 2019"]
[Site "Buenos Aires"]
[Date "2019.03.20"]
[Round "1.7"]
[White "Acosta, Pablo Ismael"]
[Black "Iovaldi, Sebastian"]
[Result "1-0"]
[WhiteElo "2467"]
[BlackElo "1848"]
[Annotator "TA"]
[PlyCount "43"]
[EventDate "2019.03.20"]
[EventType "swiss"]
[EventCountry "ARG"]
[SourceTitle "playchess.com"]
[Source "ChessBase"]
[SourceQuality "1"]

{[%evp 16,43,0,8,8,14,14,12,34,29,68,77,85,88,132,69,130,32,197,188,227,210,217,137,491,474,755,754,716,714]} 1. d4 Nf6 2. Nf3 g6 3. Bg5 Bg7 4. Nbd2 d5 5. e3 O-O 6. Bd3 c5 7. c3 Nc6 8. O-O Qb6 9. Rb1 Nd7 {D03: 1 d4 d5 2 Nf3 Nf6 3 Bg5, including Torre Attack with early ...d5} (9... e5 10. Nxe5 Nxe5 11. dxe5 Ng4 12. Nf3 Nxe5 13. Nxe5 Bxe5 14. f4 Bf6 15. Bxf6 Qxf6 16. f5 Qe5 17. Rf3 Bd7 {½-½ (17) Sedlak,N (2552)-Markus,R (2630) Hungary 2018}) 10. b4 cxd4 11. cxd4 {Black must now prevent b5.} Re8 $146 {The position is equal.} ({Predecessor:} 11... h6 12. b5 Nxd4 13. Bxe7 Re8 14. Ba3 Nc5 15. Bxc5 Nxf3+ 16. Qxf3 Qxc5 17. Nb3 {0-1 (39) Ivanova Skripova,T (2121)-Matveeva,S (2380) Chakvi 2015}) 12. Qb3 e6 13. Rfc1 f6 14. Bf4 Kh8 15. e4 (15. Bg3 $16) 15... e5 (15... f5 $14) 16. dxe5 ({White should try} 16. exd5 $16 Nxd4 17. Nxd4 exf4 18. Ne6) 16... fxe5 $2 (16... Ndxe5 $14 17. Bxe5 (17. exd5 Nxd3 18. Qxd3 Bf5 $14) 17... Nxe5) 17. exd5 {[#] Strongly threatening Nc4.} exf4 18. dxc6 bxc6 19. Re1 $40 {[%mdl 128] White goes for the king.} Ne5 $2 {[%mdl 8192]} (19... Rf8 $16 {is a better chance.} 20. Qc2 Qd8) 20. Nxe5 $18 {White is clearly winning.} Bxe5 {[#]} (20... Rxe5 $142 21. Nc4 (21. Rxe5 Bxe5 22. Re1 Qc7 $18) 21... Qc7 22. Nxe5 Bxe5) 21. Rxe5 $1 {[%mdl 512]} Rxe5 22. Qc3 {Accuracy: White = 56%, Black =  2%.} 1-0

[Event "Legislatura Portena Open 2019"]
[Site "Buenos Aires"]
[Date "2019.03.20"]
[Round "1.8"]
[White "Leguizamon, Arnaldo"]
[Black "Slipak, Sergio"]
[Result "0-1"]
[WhiteElo "1848"]
[BlackElo "2427"]
[Annotator "TA"]
[PlyCount "72"]
[EventDate "2019.03.20"]
[EventType "swiss"]
[EventCountry "ARG"]
[SourceTitle "playchess.com"]
[Source "ChessBase"]
[SourceQuality "1"]

{[%evp 17,72,0,-3,-19,0,0,4,-27,-23,-43,-36,-97,7,-2,70,71,31,0,-10,-18,-19,0,0,-27,0,0,12,-72,-72,-69,-75,-166,-175,-181,-164,-166,-164,-198,-189,-252,-254,-258,-238,-271,-270,-557,-534,-735,-683,-663,-640,-664,-645,-642,-637,-775,-772]} 1. Nf3 Nf6 2. g3 b6 3. Bg2 Bb7 4. O-O e6 5. d4 Be7 6. c4 O-O 7. Nc3 Na6 8. Re1 d5 {E18: Queen's Indian: Old Main Line (4 g3 Bb7 5 Bg2 Be7 6 0-0 0-0 7 Nc3)} (8... Ne4 9. h4 d6 10. Nxe4 Bxe4 11. Ng5 Bxg2 12. Kxg2 h6 13. Nf3 c5 14. d5 exd5 15. Qxd5 Nc7 16. Qf5 {½-½ (74) Sargissian,G (2689)-Oparin,G (2613) St Petersburg 2018}) 9. Ne5 c5 {LiveBook: 7 Games} 10. Nb5 $146 ({Predecessor:} 10. cxd5 exd5 11. Bf4 Ne4 12. Nxe4 dxe4 13. dxc5 Nxc5 14. Nc4 Ne6 15. Bd6 Rc8 16. b3 b5 17. Bxe7 Qxe7 18. Qd6 Qf6 19. Ne3 Rfd8 20. Qa3 Nd4 21. Bf1 Qb6 {1-0 (52) Konopka,M (2416)-Dervishi,E (2581) Germany 2014}) 10... Nb4 {The position is equal.} 11. dxc5 bxc5 12. a3 Nc6 13. Bf4 Qb6 14. Qc2 (14. e4 $15) 14... d4 ({Better is} 14... Nxe5 $17 15. Bxe5 d4 16. Bxb7 Qxb7) 15. Nd3 $11 {[#] And now Bc7 would win.} Ne8 (15... e5 $11 16. Nxe5 (16. Bxe5 Nxe5 17. Nxe5 Bxg2 $17) 16... Nxe5 17. Bxb7 Qxb7 18. Bxe5 Rad8) 16. b4 $1 $14 {[%cal Rb4c5]} cxb4 17. axb4 Nxb4 18. Nxb4 {Bxb7 is the strong threat.} Bxg2 19. Kxg2 {aiming for Na6.} Bxb4 20. Reb1 Qc6+ 21. Kg1 Bc5 22. Qd3 {[#]} (22. Be5 $1 $11 {remains equal.}) 22... f6 $1 $17 23. Bd2 ({Not} 23. Nxd4 $2 Bxd4 24. Qxd4 e5 $19) 23... e5 24. Qf5 (24. Bb4 $17) 24... a6 $19 25. Na3 Nc7 26. Nc2 Ne6 27. Ra5 Rfb8 28. Rba1 (28. Ne1 {is a better defense.}) 28... Rb2 29. Bc1 Rb3 30. Bd2 Be7 31. R1a4 $2 (31. R5a2) 31... g6 {Black is clearly winning.} 32. Qg4 f5 33. Qh3 Rb2 34. Ra2 Rxa2 35. Rxa2 Qxc4 36. Qg2 Rb8 {Precision: White = 29%, Black = 67%.} 0-1

[Event "Legislatura Portena Open 2019"]
[Site "Buenos Aires"]
[Date "2019.03.20"]
[Round "1.9"]
[White "Saldano Dayer, Horacio"]
[Black "Baudel, Simon"]
[Result "1-0"]
[WhiteElo "2422"]
[BlackElo "1836"]
[Annotator "TA"]
[PlyCount "79"]
[EventDate "2019.03.20"]
[EventType "swiss"]
[EventCountry "ARG"]
[SourceTitle "playchess.com"]
[Source "ChessBase"]
[SourceQuality "1"]

{[%evp 18,79,35,35,77,84,83,72,65,69,68,75,104,102,117,98,100,100,97,99,150,141,152,161,143,143,147,132,477,472,722,722,722,712,690,672,641,637,645,645,633,640,604,594,649,434,635,637,965,952,984,981,968,967,944,926,999,983,979,977,975,943,5085,1648]} 1. Nf3 b6 2. c4 Bb7 3. Nc3 f5 4. g3 Nf6 5. Bg2 e6 6. O-O Bb4 7. Qc2 O-O 8. a3 Bxc3 9. Qxc3 Ne4 10. Qc2 Ng5 $146 {A10: English Opening: Unusual Replies for Black} ({Predecessor:} 10... c5 11. b4 Na6 12. b5 Nc7 13. d3 Nf6 14. a4 a6 15. Bf4 d6 16. a5 axb5 17. axb6 Rxa1 18. Rxa1 {1-0 (31) Miladinovic,L (2168)-Nestorovic,K (2046) Zemun 2017}) 11. Nxg5 Bxg2 {[#]} 12. Nxe6 $1 dxe6 {White is better.} 13. Kxg2 e5 14. b4 Nd7 15. Bb2 c5 16. bxc5 bxc5 17. Bc3 Qc7 18. Rab1 h5 (18... Rae8 $142) 19. Qd3 $16 {Threatens to win with Qd5+.} Nb6 {[#]} 20. Qf3 $1 g6 21. Kg1 e4 22. Qe3 Nxc4 $2 {[%mdl 8192]} (22... Rac8 $16 {is tougher.} 23. Qg5 (23. Qh6 Qh7 $16) 23... Kh7) 23. Qh6 $18 {White is clearly winning.} Qh7 (23... Ne5 $142 24. f4 exf3 25. exf3 Rf6) 24. Qxh7+ Kxh7 25. Rb7+ Kh6 26. Bg7+ {[%mdl 64] Double Attack} Kg5 27. h4+ Kg4 28. Bxf8 Rxf8 {[%mdl 4096] Endgame KRR-KRN} 29. Kg2 {White threatens f3+ and mate.} f4 30. f3+ exf3+ 31. exf3+ Kf5 32. Rc1 Nxd2 33. Rxc5+ Ke6 34. Rb2 Rd8 35. Rcc2 Nxf3 36. Kxf3 fxg3 37. Kxg3 Rd3+ 38. Kg2 Rxa3 39. Rc6+ Kd7 40. Rxg6 {Accuracy: White = 90%, Black = 25%.} 1-0

[Event "Legislatura Portena Open 2019"]
[Site "Buenos Aires"]
[Date "2019.03.20"]
[Round "1.10"]
[White "Fuxz, Diego"]
[Black "Perez, Maximiliano"]
[Result "0-1"]
[WhiteElo "1832"]
[BlackElo "2418"]
[Annotator "TA"]
[PlyCount "108"]
[EventDate "2019.03.20"]
[EventType "swiss"]
[EventCountry "ARG"]
[SourceTitle "playchess.com"]
[Source "ChessBase"]
[SourceQuality "1"]

{[%evp 17,108,0,8,-31,-12,-12,-7,-31,-21,-48,-49,-63,-42,-57,-53,-63,-65,-85,-25,-23,-31,-116,12,0,0,6,13,-8,0,-37,0,-4,0,-20,0,-60,-71,-77,-89,-141,-122,-137,-152,-140,-44,-239,-105,-98,-112,-110,-85,-72,-79,-160,-150,-152,-78,-172,-129,-145,-143,-145,-53,-177,-37,-21,-7,-84,0,-55,0,-66,-53,-97,-91,-83,-78,-29989,-29984,-29987,-29988,-29991,-29992,-29993,-29994,-29994,-29995,-29995,-29996,-29996,-29995,-29997,-307]} 1. g3 g6 2. c4 Bg7 3. Bg2 e5 4. Nc3 f5 5. e3 Nf6 6. Nge2 O-O 7. O-O d6 8. d3 a5 9. Rb1 c6 10. f4 {A21: English Opening: 1...e5 2 Nc3} Be6 11. b3 (11. a3 Nbd7 12. b4 axb4 13. axb4 d5 14. cxd5 cxd5 15. Qd2 Bf7 16. Bb2 Re8 17. Rfe1 Qb6 18. d4 e4 19. b5 Bf8 {0-1 (37) Short,N (2678)-McShane,L (2640) Riadh 2017}) 11... Na6 12. h3 {The position is equal.} exf4 13. exf4 Re8 14. Kh2 Bf7 15. d4 $146 ({Predecessor:} 15. Qd2 d5 16. Rd1 d4 17. Na4 Rc8 {0-1 (32) Patriarca,L (2300)-Milos,G (2515) Asuncion 1992}) 15... d5 16. c5 Ne4 17. Bb2 Nb8 (17... Qe7 $17) 18. Ng1 $11 Nd7 19. Nf3 (19. Qd3 $15) 19... h6 (19... Nxc3 $17 20. Bxc3 Nxc5 $1 {[%mdl 576] Pin}) 20. Ne5 Nxe5 21. fxe5 Be6 22. Bxe4 dxe4 23. Bc1 Rf8 24. Na4 Qe7 25. Be3 g5 {Strongly threatening ...f4!} 26. Qe1 (26. Qh5 $11) 26... Rad8 $15 27. Rd1 h5 $1 28. Qd2 ({Avoid the trap} 28. Qxa5 $2 f4 $1 $19 {[%mdl 512]}) (28. Nc3 $142) 28... Bh6 $1 $17 29. Nc3 Kh8 $1 30. Qe2 Qe8 (30... f4 $17 31. Qxh5 Qh7 32. gxf4 gxf4) 31. Qg2 $2 (31. Bc1 $1 $15) 31... Qg6 (31... f4 $19 {has better winning chances.} 32. Bc1 e3) 32. Bc1 Rf7 33. Rf2 Rfd7 34. Ne2 {[#]} a4 $1 {[%mdl 512]} 35. Rdf1 (35. bxa4 $142 Bxa2 36. Be3) 35... axb3 36. axb3 Rf7 (36... Qh7 $142 {Hoping for ...Rg8.} 37. Rg1 Ra8) 37. b4 (37. h4 $17 {was worth a try.}) 37... Rg8 38. Nc3 Bc4 39. Re1 Qe6 (39... Rd8 $1 $17 40. Ne2 Qh7) 40. Rg1 ({Only move:} 40. g4 $1 $15) 40... Bd5 (40... Bd3 $19 {Threatens to win with ...Rff8.} 41. b5 Qc4) 41. Nxd5 $15 cxd5 42. Qf1 {[#]} (42. Ra2 $11) 42... Rff8 (42... f4 $1 $17 {[%mdl 512]}) 43. Qe2 (43. b5 $11) 43... Qe8 ({Better is} 43... Qf7 $1 $15) 44. Rgf1 ({White should try} 44. Qf1 $1 $11) 44... Qg6 45. Qa2 {[#]} f4 $1 $36 {[%mdl 2048] White must now prevent ...e3. Black is really pushing.} 46. Qxd5 e3 47. Rf3 $2 {[%mdl 8192]} (47. Bxe3 $17 fxe3 48. Rf6) 47... g4 {Black mates.} 48. Rxf4 Bxf4 49. Rxf4 Rxf4 50. gxf4 {KQR-KQB} Qc2+ 51. Qg2 g3+ 52. Kh1 Qxc1+ 53. Qg1 g2+ 54. Kh2 Qxg1+ $2 {Accuracy: White = 33%, Black = 43%.} (54... Qf1 {mates} 55. Qxf1 gxf1=Q 56. h4 Qg2#) 0-1